| 000 | 01101cam a22001934a 4500 | ||
|---|---|---|---|
| 005 | 20250605163924.0 | ||
| 008 | 250528s ||||||||||||||||||||||||d | ||
| 035 | _a14479 | ||
| 040 |
_aGR-AtMCL _bgre _dGR-AtMCL _eAACR2 |
||
| 245 | 1 | _aΑυτογνωσία - Αυτοανάλυση - Αυτοέλεγχος / Ψυχολογική Θεώρηση | |
| 250 | _a5η | ||
| 260 |
_bΕλληνικά Γράμματα, _c1998 |
||
| 300 | _a192 | ||
| 520 | _aΠρόλογος, Θεωρίες της Προσωπικότητας, Μη Συμπεριφοριστικά Θεωρητικά Μοντέλα Ερμηνείας της Προσωπικότητας, Συμπεριφοριστικά Θεωρητικά Μοντέλα Ερμηνεία της Προσωπικότητας, Αυτοέλεγχος, Η Τροποποίηση της Συμπεριφοράς μας: Πρακτικές Ασκήσεις και Προβληματισμοί, Παράρτημα, Βιβλιογραφία. | ||
| 700 | 1 |
_aΚαλαντζή-Αζίζι Αναστασία _9164 |
|
| 942 | _cBK | ||
| 999 |
_c108 _d108 |
||